Aquatic chemistry : (Record no. 70126)
[ view plain ]
| 000 -LEADER | |
|---|---|
| fixed length control field | 01303nam a2200337 a 4500 |
| 001 - CONTROL NUMBER | |
| control field | 70126 |
| 003 - CONTROL NUMBER IDENTIFIER | |
| rucl marc code | BD-RjUL |
| 005 - DATE AND TIME OF LATEST TRANSACTION | |
| control field | 20211209081951.0 |
| 008 - FIXED-LENGTH DATA ELEMENTS--GENERAL INFORMATION | |
| fixed length control field | 170416s1996 nyua b 001 0 eng |
| 020 ## - INTERNATIONAL STANDARD BOOK NUMBER | |
| International Standard Book Number | 0471511846 |
| International Standard Book Number | 0471511854 |
| 035 ## - SYSTEM CONTROL NUMBER | |
| System control number | (BD-RjUL)70338 |
| 040 ## - CATALOGING SOURCE | |
| Original cataloging agency | DLC |
| Transcribing agency | DLC |
| Modifying agency | DLC |
| -- | BD-RjUL |
| Language of cataloging | eng |
| 041 ## - LANGUAGE CODE | |
| Language code of text/sound track or separate title | eng |
| 082 00 - DEWEY DECIMAL CLASSIFICATION NUMBER | |
| Classification number | 546.22 |
| Edition number | 23 |
| Author mark and year | STA 1996 |
| 100 1# - MAIN ENTRY--PERSONAL NAME | |
| Personal name | Stumm, Werner, |
| Dates associated with a name | 1924- |
| 9 (RLIN) | 207685 |
| 245 10 - TITLE STATEMENT | |
| Title | Aquatic chemistry : |
| Remainder of title | chemical equilibria and rates in natural waters / |
| Statement of responsibility, etc. | Werner Stumm and James J. Morgan. |
| 250 ## - EDITION STATEMENT | |
| Edition statement | 3rd ed. |
| 260 ## - PUBLICATION, DISTRIBUTION, ETC. (IMPRINT) | |
| Place of publication, distribution, etc. | New York : |
| Name of publisher, distributor, etc. | Wiley, |
| Date of publication, distribution, etc. | c1996. |
| 300 ## - PHYSICAL DESCRIPTION | |
| Pagination | xvi, 1022 p. : |
| Illustrations | ill. ; |
| Size | 25 cm. |
| 500 ## - GENERAL NOTE | |
| General note | "A Wiley-Interscience publication." |
| 504 ## - BIBLIOGRAPHY, ETC. NOTE | |
| Bibliography, etc | Includes bibliographical references (p. 935-975) and index. |
| 650 #0 - SUBJECT ADDED ENTRY--TOPICAL TERM | |
| Topical term or geographic name as entry element | Water chemistry. |
| 9 (RLIN) | 207686 |
| 700 1# - ADDED ENTRY--PERSONAL NAME | |
| Personal name | Morgan, James J., |
| Dates associated with a name | 1932- |
| 830 ## - SERIES ADDED ENTRY--UNIFORM TITLE | |
| Uniform title | Environmental science and technology |
| 856 42 - ELECTRONIC LOCATION AND ACCESS | |
| Materials specified | Contributor biographical information |
| Uniform Resource Identifier | <a href="http://www.loc.gov/catdir/bios/wiley042/94048319.html">http://www.loc.gov/catdir/bios/wiley042/94048319.html</a> |
| Materials specified | Publisher description |
| Uniform Resource Identifier | <a href="http://www.loc.gov/catdir/description/wiley034/94048319.html">http://www.loc.gov/catdir/description/wiley034/94048319.html</a> |
| Materials specified | Table of Contents |
| Uniform Resource Identifier | <a href="http://www.loc.gov/catdir/toc/onix05/94048319.html">http://www.loc.gov/catdir/toc/onix05/94048319.html</a> |
| 942 ## - ADDED ENTRY ELEMENTS (KOHA) | |
| Source of classification or shelving scheme | Dewey Decimal Classification |
| Koha item type | Books |
| Lost status | Source of classification or shelving scheme | Damaged status | Not for loan | Collection code | Permanent Location | Current Location | Shelving location | Date acquired | Source of acquisition | Cost, normal purchase price | Total Checkouts | Full call number | Date last seen | Copy number | Koha item type |
|---|---|---|---|---|---|---|---|---|---|---|---|---|---|---|---|
| Dewey Decimal Classification | Not For Loan | Non-fiction | Central Library, University of Rajshahi | Central Library, University of Rajshahi | Reading Room | 16/02/1999 | Kolikata, International | 2785.00 | 546.22 STA 1996 | 16/04/2017 | C-1 | Books |